000 00806nam a2200229Ia 4500
003 OSt
005 20251126150534.0
008 210719s2009 xx 000 0 und d
040 _cAL
041 _aKannada
082 _a361.614K REVH
100 _aREVAYYA ODEYAR
_dರೇವಯ್ಯ ಒಡೆಯರ್
_9246893
245 _aHakku karthavyagalu: ondu parikalpanAtmaka adhyayana
_b ಹಕ್ಕು ಕರ್ತವ್ಯಗಳು: ಒಂದು ಪರಿಕಲ್ಪನಾತ್ಮಕ ಅಧ್ಯಯನ
260 _aBengaLUru
_c2009
300 _aviii,172
_bPB
365 _b125
_cRs
440 _aKAnUnu parichaya mAlike
_9246894
650 _aHuman Rights
_9246895
650 _aHuman Rights
_9246895
906 _aadhyayana ; Hakku ; karthavyagaLu: ; ondu ; parikalpanAtmaka
942 _2ddc
_cBK
999 _c215319
_d215319